| 000 | 00875nam a2200229 4500 | ||
|---|---|---|---|
| 003 | dpl | ||
| 005 | 20240327114746.0 | ||
| 008 | 240327b |||||||| |||| 00| 0 eng d | ||
| 010 | _aENG-139946 | ||
| 020 |
_a9788119936977 _c385.00 |
||
| 022 | _2DBAD | ||
| 040 | _c0 | ||
| 082 |
_a954 _22024 |
||
| 245 |
_aIndia 2024: _bA Referemce Annual/ _cIy India. Ministry of Information and Broadcasting. Publications Division. |
||
| 260 |
_aDelhi _bPublications Division, Ministry of Information and Broadcasting, Govt. of India _c2024 |
||
| 270 |
_aPublications Division, Ministry of Information and Broadcasting, Govt. of India _bDelhi |
||
| 300 |
_a829p : _bill ; _c24cm(pb) |
||
| 650 |
_aPresidents -- India. _963975 |
||
| 650 |
_aSpeeches, addresses, etc. _963976 |
||
| 650 |
_aIndia -- Politics and government -- 1947- _963977 |
||
| 942 |
_2ddc _cEN _h954 _mIND |
||
| 999 |
_c201800 _d201800 |
||